000 00255nam a22001217a 4500
008 170220b xxu||||| |||| 00| 0 alb d
041 _aalb
080 _a615
100 _a5
101 _aSHF
245 _aFORMULAR TERAPEUTIK
_cANDONI, R
942 _2udc
_cBK
999 _c5898
_d5898